000 00626nam a22001937a 4500
003 OSt
005 20250708084442.0
008 250708b |||||||| |||| 00| 0 eng d
020 _a1850296367
040 _aDWCL - Main lib
_cOC
082 _aCirc. 641.5 G795 1992
100 _aGreen, Henrietta
245 _aHenrietta Green's new country kitchen :
_bthe best produce, the best recipes/
_cHenrietta Green
260 _aLondon :
_b Conran Octopus Limited,
_c c1992.
300 _a256 pages :
_b illustrations (some color) ;
_c26 cm.
504 _aIncludes index.
650 _a1. Cooking.
942 _2ddc
_cBK-CIRC
_kCirc.
_n0
999 _c3481
_d3481